Marcatori del Portogallo agli Europei - Austria-Svizzera 2008 - Statistics

Statistiche generali
  • Questo quiz è stato fatto 4 volte
  • Il punteggio medio è 4 su 7
Statistiche sulle risposte
Partita Minuto Marcatore % Corretto
Repubblica Ceca - Portogallo 1-3 63 Cristiano Ronaldo
100%
Portogallo - Germania 2-3 40 Nuno Gomes
75%
Repubblica Ceca - Portogallo 1-3 8 Deco
50%
Portogallo - Germania 2-3 87 Hélder Postiga
50%
Portogallo - Turchia 2-0 61 Pepe
50%
Repubblica Ceca - Portogallo 1-3 91 Ricardo Quaresma
50%
Portogallo - Turchia 2-0 93 Raul Meireles
0%
Nessun quiz corrispondente trovato
Distribuzione punteggi
Percentuale di utenti per punteggio
Percentile per numero di risposta
I tuoi punteggi nel tempo
Non hai fatto questo quiz